| 000 | 01039pam a2200289 a 4500 | ||
|---|---|---|---|
| 999 |
_c4872 _d4872 |
||
| 001 | 1599362 | ||
| 003 | OSt | ||
| 005 | 20191029163045.0 | ||
| 008 | 941202s1995 enk b 001 0 eng c | ||
| 010 | _a 94047274 | ||
| 020 | _a052149513X | ||
| 020 | _a0521498635 (pbk.) | ||
| 040 |
_aDNLM/DLC _cDLC _dDLC |
||
| 082 |
_aWB 100 _bL721h 1995 |
||
| 100 | 1 |
_aLittle, J. Miles _910462 |
|
| 245 | 1 | 0 | _aHumane Medicine |
| 260 |
_aCambridge, UK ; _bCambridge University Press , _c1995. |
||
| 300 |
_axi, 195 p. ; _c22 cm. |
||
| 504 | _aIncludes bibliographical references and index. | ||
| 650 | 0 |
_aPhysician and patient. _910022 |
|
| 650 | 0 |
_aMedical ethics. _91970 |
|
| 856 | 4 | 2 |
_3Publisher description _uhttp://www.loc.gov/catdir/description/cam026/94047274.html |
| 856 | 4 | 1 |
_3Table of contents _uhttp://www.loc.gov/catdir/toc/cam025/94047274.html |
| 906 |
_a7 _bcbc _corignew _d1 _eocip _f19 _gy-gencatlg |
||
| 942 |
_2z _cO_SHELF |
||